|
|
|
|
| LEADER |
00000nam0a2200000 4500 |
| 001 |
194754 |
| 005 |
20231031182434.0 |
| 035 |
|
|
|a (RuTPU)RU\TPU\book\212430
|
| 090 |
|
|
|a 194754
|
| 100 |
|
|
|a 20110422d1936 m y0rusy50 ca
|
| 101 |
0 |
|
|a rus
|
| 102 |
|
|
|a RU
|
| 105 |
|
|
|a a z 000zy
|
| 200 |
1 |
|
|a Вопросы движения газов в печах
|e работы лаборатории теплового отдела Стальпроекта
|f В. А. Баум [и др.]
|g под ред. Г. П. Иванцова
|
| 210 |
|
|
|a Москва
|c ОНТИ НКТП
|d 1936
|a Ленинград
|
| 215 |
|
|
|a 100 с.
|c ил.
|
| 610 |
1 |
|
|a газ
|
| 610 |
1 |
|
|a движение
|
| 610 |
1 |
|
|a движение в печах
|
| 610 |
1 |
|
|a подобие
|
| 610 |
1 |
|
|a горелки
|
| 610 |
1 |
|
|a форсунки
|
| 610 |
1 |
|
|a нагревательные печи
|
| 610 |
1 |
|
|a газогенераторы
|
| 610 |
1 |
|
|a теория
|
| 675 |
|
|
|a 669.18
|v 3
|
| 701 |
|
1 |
|a Баум
|b В. А.
|
| 701 |
|
1 |
|a Грум-Гржимайло
|b Ю. В.
|
| 701 |
|
1 |
|a Иванцов
|b Г. П.
|
| 701 |
|
1 |
|a Рехтман
|b А. Я.
|
| 701 |
|
1 |
|a Фейгин
|b В. М.
|
| 702 |
|
1 |
|a Иванцов
|b Г. П.
|4 340
|
| 801 |
|
1 |
|a RU
|b 63413507
|c 20110422
|
| 801 |
|
2 |
|a RU
|b 63413507
|c 20160401
|g RCR
|
| 942 |
|
|
|c BK
|